[Event "POL-chT 2nd League"]
[Site "Sypniewo"]
[Date "2021.09.04"]
[Round "1.2"]
[White "Kowalczyk, Pawel"]
[Black "Skrobek, Ryszard"]
[Result "1-0"]
[WhiteElo "2339"]
[BlackElo "2316"]
[PlyCount "83"]
[EventDate "2021.09.04"]
[EventType "team-swiss"]
[EventRounds "9"]
[EventCountry "POL"]
[SourceTitle "CBM 204 Extra"]
[Source "ChessBase"]
[SourceDate "2021.11.30"]
[SourceVersion "1"]
[SourceVersionDate "2021.11.30"]
[SourceQuality "1"]
[WhiteTeam "Kopernik WKS"]
[BlackTeam "Olesnica Pogon"]
[WhiteTeamCountry "POL"]
[BlackTeamCountry "POL"]

1. a3 d5 2. Nf3 Nf6 3. b4 a5 4. b5 Bf5 5. e3 e6 6. Bb2 Be7 7. Be2 0-0 8. Nh4 Bg6 9. Nxg6 hxg6 10. h4 Nh7 11. h5 g5 12. h6 g6 13. c4 Bf6 14. Nc3 Nd7 15. Qc2 c6 16. a4 Re8 17. Rc1 Qe7 18. d4 Bh8 19. Bd3 f5 20. g4 Bf6 21. bxc6 bxc6 22. cxd5 cxd5 23. Nb5 Nb6 24. Ba3 Qd7 25. Qc6 Bd8 26. Qxd7 Nxd7 27. Nd6 Rf8 28. Bb5 Ndf6 29. gxf5 gxf5 30. Ke2 g4 31. Rc6 Ng5 32. Nb7 Rf7 33. Nc5 Be7 34. Bb2 Bxc5 35. dxc5 Kh7 36. Be5 Nfe4 37. Rc1 Kxh6 38. Rb6 Kg6 39. c6 Rh7 40. c7 g3 41. c8Q Rxc8 42. Rxc8 1-0

[Event "POL-chT3 Dolnoslaskie 1415"]
[Site "Poland"]
[Date "2015.03.08"]
[Round "8.22"]
[White "Skrobek, Ryszard"]
[Black "Koszkul, Wojciech"]
[Result "1/2-1/2"]
[WhiteElo "2330"]
[BlackElo "2012"]
[PlyCount "69"]
[EventDate "2014.10.26"]
[EventType "team-tourn"]
[EventRounds "11"]
[EventCountry "POL"]
[SourceTitle "EXT 2018"]
[Source "ChessBase"]
[SourceDate "2017.10.13"]
[SourceVersion "1"]
[SourceVersionDate "2017.10.13"]
[SourceQuality "1"]
[WhiteTeam "Olesnica Pogon"]
[BlackTeam "Przedwojow Debiut"]
[WhiteTeamCountry "POL"]
[BlackTeamCountry "POL"]

1. e4 e6 2. d4 d5 3. Nd2 Nd7 4. Ngf3 c5 5. exd5 exd5 6. Bb5 Bd6 7. 0-0 Ne7 8. dxc5 Bxc5 9. Nb3 Bd6 10. Qd4 0-0 11. Bf4 Nf6 12. Bxd6 Nf5 13. Qf4 Qxd6 14. Qxd6 Nxd6 15. Nbd4 a6 16. Bd3 Re8 17. Rfe1 Nfe4 18. h3 g6 19. Nh2 Bd7 20. f3 Nc5 21. Ng4 Bxg4 22. hxg4 Nc4 23. b3 Nxd3 24. Rxe8+ Rxe8 25. bxc4 Nf4 26. Rb1 dxc4 27. Rxb7 Ne2+ 28. Nxe2 Rxe2 29. Ra7 Rxc2 30. Rxa6 c3 31. Rc6 Kf8 32. a4 h6 33. a5 Ra2 34. Rxc3 Rxa5 35. Rc6 1/2-1/2

[Event "POL-chT3 Dolnoslaskie 1415"]
[Site "Poland"]
[Date "2015.01.11"]
[Round "5.16"]
[White "Dubinski, Mateusz"]
[Black "Skrobek, Ryszard"]
[Result "1-0"]
[WhiteElo "2217"]
[BlackElo "2330"]
[PlyCount "81"]
[EventDate "2014.10.26"]
[EventType "team-tourn"]
[EventRounds "11"]
[EventCountry "POL"]
[SourceTitle "EXT 2018"]
[Source "ChessBase"]
[SourceDate "2017.10.13"]
[SourceVersion "1"]
[SourceVersionDate "2017.10.13"]
[SourceQuality "1"]
[WhiteTeam "Kopernik WKS"]
[BlackTeam "Olesnica Pogon"]
[WhiteTeamCountry "POL"]
[BlackTeamCountry "POL"]

1. c4 c5 2. Nc3 g6 3. g3 Bg7 4. Bg2 Nc6 5. Nh3 e6 6. Nf4 Nge7 7. 0-0 0-0 8. a3 d6 9. Rb1 b6 10. b4 Bb7 11. Bb2 Qd7 12. Ne4 e5 13. Nd5 Nxd5 14. cxd5 Ne7 15. Nc3 Rac8 16. d3 b5 17. Qb3 c4 18. dxc4 Rxc4 19. Rfd1 a6 20. a4 Rb8 21. axb5 axb5 22. e4 Bc8 23. Bf1 Rc7 24. Ra1 Rcb7 25. Ra6 Rb6 26. Rxb6 Rxb6 27. Ra1 Qb7 28. Ra5 Bd7 29. Qa2 Bh6 30. Ra7 Qc8 31. Qa5 Rb7 32. Rxb7 Qxb7 33. Nxb5 Bxb5 34. Bxb5 Bd2 35. Qd8+ Kg7 36. Qxd6 Qxb5 37. Bxe5+ Kh6 38. Qxe7 Bg5 39. Qxf7 Qe2 40. Bg7+ Kh5 41. Qe6 1-0

[Event "POL-chT3 Dolnoslaskie 1415"]
[Site "Poland"]
[Date "2014.12.14"]
[Round "4.12"]
[White "Skrobek, Ryszard"]
[Black "Dmochowska, Agnieszka"]
[Result "1-0"]
[WhiteElo "2330"]
[BlackElo "1860"]
[PlyCount "89"]
[EventDate "2014.10.26"]
[EventType "team-tourn"]
[EventRounds "11"]
[EventCountry "POL"]
[SourceTitle "EXT 2018"]
[Source "ChessBase"]
[SourceDate "2017.10.13"]
[SourceVersion "1"]
[SourceVersionDate "2017.10.13"]
[SourceQuality "1"]
[WhiteTeam "Olesnica Pogon"]
[BlackTeam "Wroclaw MUKS MDK Srodmiescie"]
[WhiteTeamCountry "POL"]
[BlackTeamCountry "POL"]

1. e4 c5 2. Nf3 d6 3. d4 cxd4 4. Nxd4 Nf6 5. Nc3 Nc6 6. Bc4 e5 7. Nde2 Be7 8. Bg5 0-0 9. Bxf6 Bxf6 10. 0-0 Na5 11. Bb3 Be6 12. Nd5 Rc8 13. c3 b5 14. a4 Nxb3 15. Qxb3 Bxd5 16. Qxd5 Rc5 17. Qb7 d5 18. Qxa7 Qc8 19. exd5 Rd8 20. axb5 Rxb5 21. b4 Qc4 22. Qa2 Qe4 23. Ng3 Qd3 24. Qe2 Rbxd5 25. Qxd3 Rxd3 26. Ne4 Be7 27. Ra7 Kf8 28. g4 h6 29. Kg2 g6 30. Rc7 Rb8 31. Ra1 Bd8 32. Rc6 Ke7 33. Raa6 Rd7 34. h4 Kf8 35. h5 gxh5 36. gxh5 f5 37. Ng3 Rg7 38. Rg6 Bg5 39. Rxg7 Kxg7 40. Nxf5+ Kh7 41. Ra7+ Kh8 42. Nd6 Bf4 43. Kf3 Bd2 44. Ne4 Bf4 45. Nf6 1-0

[Event "Krzyszton mem corr"]
[Site "Poland corr"]
[Date "1999.07.15"]
[Round "?"]
[White "Kluegel, Jens Uwe"]
[Black "Skrobek, Ryszard"]
[Result "1/2-1/2"]
[WhiteElo "2548"]
[BlackElo "2562"]
[PlyCount "84"]
[EventDate "1999.07.15"]
[EventType "tourn (corr)"]
[EventRounds "14"]
[EventCountry "POL"]
[SourceTitle "Corr 2008"]
[Source "ChessBase"]
[SourceDate "2008.06.24"]
[SourceVersion "1"]
[SourceVersionDate "2008.06.24"]
[SourceQuality "1"]

1. Nc3 d5 2. e4 d4 3. Nce2 e5 4. Ng3 Be6 5. c3 f6 6. Qa4+ c6 7. cxd4 b5 8. Qd1 Qxd4 9. Nf3 Qb6 10. d4 Na6 11. a4 Bb4+ 12. Bd2 exd4 13. axb5 cxb5 14. Ne2 d3 15. Ned4 Bg4 16. Bxd3 Bxf3 17. Nxf3 Rd8 18. Qe2 Bxd2+ 19. Nxd2 Nc7 20. Nf3 Ne7 21. 0-0 0-0 22. Qc2 Kh8 23. Rfc1 Ne6 24. Bf1 a6 25. b4 Rd6 26. Rd1 Rc8 27. Rxd6 Qxd6 28. Qd2 Qxd2 29. Nxd2 Rc6 30. Nb3 Kg8 31. g3 Kf7 32. f4 g6 33. Bh3 f5 34. exf5 gxf5 35. Na5 Rc2 36. Nb7 Nd4 37. Bg2 Rb2 38. Rxa6 Rxb4 39. Nd6+ Kg7 40. Rb6 Rb1+ 41. Kf2 Rb2+ 42. Ke3 Nc2+ 1/2-1/2

[Event "Krzyszton mem corr"]
[Site "Poland corr"]
[Date "1999.07.15"]
[Round "?"]
[White "Skrobek, Ryszard"]
[Black "Sapa, Wladyslaw"]
[Result "1-0"]
[WhiteElo "2562"]
[BlackElo "2449"]
[PlyCount "59"]
[EventDate "1999.07.15"]
[EventType "tourn (corr)"]
[EventRounds "14"]
[EventCountry "POL"]
[SourceTitle "Corr 2008"]
[Source "ChessBase"]
[SourceDate "2008.06.24"]
[SourceVersion "1"]
[SourceVersionDate "2008.06.24"]
[SourceQuality "1"]

1. e4 e5 2. Nf3 Nc6 3. d4 exd4 4. Nxd4 Qh4 5. Nb5 Bc5 6. Qf3 Nf6 7. Nxc7+ Kd8 8. Nxa8 Nd4 9. Qf4 Nxc2+ 10. Kd1 Qxf4 11. Bxf4 Nxa1 12. Nc3 Ng4 13. Bg3 b6 14. Kd2 Bb7 15. Nc7 Bxf2 16. Be2 Bxg3 17. hxg3 Nf2 18. Rc1 Nxe4+ 19. Nxe4 Bxe4 20. Nb5 Nc2 21. Nd6 Bg6 22. Rxc2 Bxc2 23. Nxf7+ Ke7 24. Nxh8 Bf5 25. Bc4 Be6 26. Bxe6 Kxe6 27. a4 Kf6 28. Ke3 g6 29. Kf4 h5 30. b4 1-0

[Event "Krakow op-A"]
[Site "Krakow"]
[Date "1999.??.??"]
[Round "?"]
[White "Skrobek, Ryszard"]
[Black "Pinski, Jan"]
[Result "0-1"]
[WhiteElo "2405"]
[BlackElo "2346"]
[PlyCount "72"]
[EventDate "1999.??.??"]
[EventType "swiss"]
[EventRounds "11"]
[EventCountry "POL"]
[SourceTitle "EXT 2002"]
[Source "ChessBase"]
[SourceDate "2001.11.25"]
[SourceVersion "1"]
[SourceVersionDate "2001.11.25"]
[SourceQuality "1"]

1. e4 c5 2. Nf3 Nc6 3. Nc3 e5 4. Bc4 d6 5. d3 Be7 6. Nd2 Nf6 7. Nf1 Bg4 8. f3 Be6 9. Ne3 0-0 10. a3 Nh5 11. Ned5 Bg5 12. Bxg5 Qxg5 13. Qd2 Qd8 14. 0-0 Ne7 15. b4 Rb8 16. bxc5 dxc5 17. Qe3 b6 18. g3 Re8 19. Nxe7+ Qxe7 20. Nd5 Qd8 21. Bb5 Rf8 22. c4 Nf6 23. a4 a5 24. Rab1 Ne8 25. Bxe8 Rxe8 26. f4 Bxd5 27. cxd5 f5 28. fxe5 Rxe5 29. Rxf5 Qxd5 30. Rxe5 Qxe5 31. Rc1 Rd8 32. Rc4 Qa1+ 33. Kg2 Qd1 34. Rc3 Qxa4 35. e5 Qa2+ 36. Qf2 Qd5+ 0-1

[Event "POL-chT 2nd div South"]
[Site "Polanica Zdroj"]
[Date "1999.??.??"]
[Round "5"]
[White "Skrobek, Ryszard"]
[Black "Szczechowicz, Bartosz"]
[Result "1-0"]
[WhiteElo "2405"]
[BlackElo "2211"]
[PlyCount "51"]
[EventDate "1999.09.17"]
[EventType "team-swiss"]
[EventRounds "10"]
[EventCountry "POL"]
[SourceTitle "EXT 2001"]
[Source "ChessBase"]
[SourceDate "2000.11.22"]
[SourceVersion "1"]
[SourceVersionDate "2000.11.22"]
[SourceQuality "1"]
[WhiteTeam "POL-chT 2nd div South 02"]
[BlackTeam "POL-chT 2nd div South 13"]
[WhiteTeamCountry "POL"]
[BlackTeamCountry "POL"]

1. e4 c6 2. d4 d5 3. exd5 cxd5 4. c4 Nf6 5. Nc3 e6 6. Nf3 Bb4 7. cxd5 Nxd5 8. Qc2 Nc6 9. Be2 0-0 10. 0-0 Be7 11. Rd1 Bf6 12. Qe4 Nce7 13. Ne5 Nxc3 14. bxc3 Qd5 15. Qe3 Nf5 16. Qf4 Nh4 17. Qg4 Ng6 18. f4 Qa5 19. Rd3 Rd8 20. Qh5 Qc7 21. Rh3 Nf8 22. Ba3 g6 23. Qh6 Bg7 24. Qh4 f5 25. Bxf8 Bxf8 26. Nxg6 1-0